Ekonomika a riadenie socialistického priemyselného podniku 1. a 2. časť

Bibliographic Details
Main Author: Stračár, Vladislav, 1933- (Author)
Format: Book
Language:Slovak
PhysicalDescription:246, 4 s. sch., tab. 4°
Published: Bratislava Vysoká škola ekonomická 1973
Edition:1. vyd.
Series:Vysokoškolské skriptá
Subjects:

MARC

LEADER 00000cam a2200000 a 4500
001 vtls008344710
003 SK-MaSNL
005 20260301123237.0
008 180814s1973 xo e n 000 0 slo
015 |a SNBA1973/05-01042 
035 |a SK01SNK19730036927 
035 |a SKM000039390 
040 |a SNK  |b slo  |c SNK  |e AACR2 
041 0 |a slo 
044 |a xo  |c SK 
080 |a 338.3:330.342.151(075.8)  |2 1981 
080 |a 330.342.151(075.8)  |2 1981 
100 1 |a Stračár, Vladislav,  |d 1933-  |4 aut  |9 238735 
245 1 0 |a Ekonomika a riadenie socialistického priemyselného podniku  |n 1. a 2. časť  |c kolektív pod vedením Vladislava Stračára 
250 |a 1. vyd. 
260 |a Bratislava  |b Vysoká škola ekonomická  |c 1973 
300 |a 246, 4 s.  |b sch., tab.  |c 4° 
490 1 |a Vysokoškolské skriptá 
504 |a Obsahuje bibliografiu 
563 |a 1500 výtl. 
650 0 7 |a priemyselné podniky  |2 SNKPH  |9 2346 
650 0 7 |a podniková ekonomika  |2 SNKPH  |9 3955 
650 0 7 |a podnikový manažment  |2 SNKPH  |9 3483 
655 7 |a učebnice vysokých škôl  |2 SNKPH  |9 70191 
830 0 |a Vysokoškolské skriptá  |9 276440 
852 |a Slovenská národná knižnica 
958 |a OND 
958 |a RM 
958 |a RK 
958 |a NB 
958 |a UV 
999 |c 735546  |d 737476 
952 |a SNK  |b SNK  |y PREZ  |7 0  |p 17A0898052  |o snkSB 19498/1-2  |i snkKSP 3969/73  |0 0  |1 0  |4 0  |d 2012-07-24  |f 1  |l 0  |r 2025-03-20 00:00:00  |w 2026-02-23 
952 |a SNK  |b SNK  |y VYP  |7 0  |p 17A0542027  |o snkSB 19498/1-2 D1  |i snkKSP 3970/73  |3 rekatalogizácia  |0 0  |1 0  |4 0  |d 2007-08-02  |l 0  |r 2026-02-23 22:43:07  |w 2026-02-23 
952 |a SNK  |b SNK  |y VYP  |7 0  |p 17A0542026  |o snkSB 19498/1-2 D2  |i snkD 2877/76  |8 1  |3 rekatalogizácia  |0 0  |1 0  |4 0  |d 2007-08-02  |l 0  |r 2026-02-23 22:43:07  |w 2026-02-23